| 000 | 00542nam a22001937a 4500 | ||
|---|---|---|---|
| 005 | 20251108171050.0 | ||
| 008 | 250721s1983 xx 000 0 ara d | ||
| 082 | 1 | 4 | _a216.931/ايو |
| 100 | 1 | _aأيوب، حسن | |
| 245 | 1 | 0 | _aالسلوك الاجتماعي في الإسلام / |
| 250 | _aط4 | ||
| 264 | 1 |
_aبيروت : _bدار الندوة الجديدة، _c1983. |
|
| 300 | _a513ص | ||
| 650 | 1 | 7 | _aالإسلام |
| 650 | 1 | 7 | _aالمجتمع |
| 650 | 1 | 7 | _aالحقوق الاسرية |
| 942 |
_2ddc _cBK |
||
| 999 |
_c55732 _d55732 |
||